Концептуализация идеи академического инновационного университета: проблемы и перспективы; Известия Томского политехнического университета [Известия ТПУ]; Т. 307, № 3
| Parent link: | Известия Томского политехнического университета [Известия ТПУ]/ Томский политехнический университет (ТПУ).— , 2000- Т. 307, № 3.— 2004.— [С. 142-146] |
|---|---|
| Hovedforfatter: | |
| Summary: | Заглавие с титульного листа Электронная версия печатной публикации Рассмотрены предпосылки и концептуальные основания процесса становления академического инновационного университета, вызванные нарастающим уровнем сциентизации промышленного производства, индустриализацией науки, глобализацией технологии и экономики. Эти процессы являются тем основанием, на котором возможна эволюция академического инновационного университета как феномена. Актуализация проблемы качественной специфики университетского образования в ХХI веке свидетельствует о динамическом процессе переосмысления как форм, так и самой сущности образования. |
| Sprog: | russisk |
| Udgivet: |
2004
|
| Serier: | Социально-экономические и гуманитарные науки |
| Fag: | |
| Online adgang: | http://www.lib.tpu.ru/fulltext/v/Bulletin_TPU/2004/v307/i3/33.pdf |
| Format: | MixedMaterials Electronisk Book Chapter |
| KOHA link: | https://koha.lib.tpu.ru/cgi-bin/koha/opac-detail.pl?biblionumber=169629 |
MARC
| LEADER | 00000nla2a2200000 4500 | ||
|---|---|---|---|
| 001 | 169629 | ||
| 005 | 20231031163504.0 | ||
| 035 | |a (RuTPU)RU\TPU\book\183990 | ||
| 035 | |a RU\TPU\book\183989 | ||
| 090 | |a 169629 | ||
| 100 | |a 20091116d2004 k y0rusy50 ca | ||
| 101 | 0 | |a rus | |
| 102 | |a RU | ||
| 135 | |a drnn ---uucaa | ||
| 181 | 0 | |a i | |
| 182 | 0 | |a b | |
| 200 | 1 | |a Концептуализация идеи академического инновационного университета: проблемы и перспективы |b Электронный ресурс |f Л. И. Ямпольская | |
| 203 | |a Текст |c электронный | ||
| 215 | |a 1 файл (155 Кб) | ||
| 225 | 1 | |a Социально-экономические и гуманитарные науки | |
| 230 | |a Электронные текстовые данные (1 файл : 155 Кб) | ||
| 300 | |a Заглавие с титульного листа | ||
| 300 | |a Электронная версия печатной публикации | ||
| 320 | |a [Библиогр.: с. 146 (12 назв.)] | ||
| 330 | |a Рассмотрены предпосылки и концептуальные основания процесса становления академического инновационного университета, вызванные нарастающим уровнем сциентизации промышленного производства, индустриализацией науки, глобализацией технологии и экономики. Эти процессы являются тем основанием, на котором возможна эволюция академического инновационного университета как феномена. Актуализация проблемы качественной специфики университетского образования в ХХI веке свидетельствует о динамическом процессе переосмысления как форм, так и самой сущности образования. | ||
| 337 | |a Adobe Reader | ||
| 461 | 1 | |0 (RuTPU)RU\TPU\book\176237 |t Известия Томского политехнического университета [Известия ТПУ] |f Томский политехнический университет (ТПУ) |d 2000- | |
| 463 | 1 | |0 (RuTPU)RU\TPU\book\183391 |t Т. 307, № 3 |v [С. 142-146] |d 2004 |p 191 с. | |
| 610 | 1 | |a концептуализация | |
| 610 | 1 | |a идеи | |
| 610 | 1 | |a предпосылки | |
| 610 | 1 | |a концептуальные основания | |
| 610 | 1 | |a становление | |
| 610 | 1 | |a сциентизация | |
| 610 | 1 | |a промышленное производство | |
| 610 | 1 | |a индустриализация | |
| 610 | 1 | |a наука | |
| 610 | 1 | |a глобализация технологии | |
| 610 | 1 | |a глобализация экономики | |
| 610 | 1 | |a эволюция | |
| 610 | 1 | |a актуализация | |
| 610 | 1 | |a проблемы | |
| 610 | 1 | |a специфика | |
| 610 | 1 | |a университетское образование | |
| 610 | 1 | |a 21 век | |
| 610 | 1 | |a динамические процессы | |
| 610 | 1 | |a формы | |
| 610 | 1 | |a труды учёных ТПУ | |
| 610 | 1 | |a электронный ресурс | |
| 610 | 1 | |a инновационные университеты | |
| 700 | 1 | |a Ямпольская |b Л. И. |c специалист в области организации высшего профессионального образования |c начальник отдела Томского политехнического университета, кандидат философских наук |f 1964- |g Людмила Ивановна |2 stltpush |3 (RuTPU)RU\TPU\pers\25188 | |
| 801 | 1 | |a RU |b 63413507 |c 20090623 |g PSBO | |
| 801 | 2 | |a RU |b 63413507 |c 20210603 |g PSBO | |
| 856 | 4 | |u http://www.lib.tpu.ru/fulltext/v/Bulletin_TPU/2004/v307/i3/33.pdf | |
| 942 | |c CF | ||